| 000 | 00640cab a22002175a 4500 | ||
|---|---|---|---|
| 001 | L158907 | ||
| 008 | 150923e20150923xxk 000 0 eng d | ||
| 035 | _a(Sirsi) u158907 | ||
| 041 | 0 | _aeng | |
| 100 | 1 | _aBastin, Alexander | |
| 245 | 0 | 0 | _aCharging ahead |
| 260 | _c2015 | ||
| 490 |
_aNew Law Journal _v165(7665) 18 September 2015, 12(1) |
||
| 520 | _aExplains how to set up and run lessee owned companies to manage the adminstration of blocks of flats. | ||
| 590 | _aKA | ||
| 650 | 2 | 4 | _aRIGHT TO MANAGE |
| 650 | 2 | 4 | _aMANAGEMENT COMPANIES |
| 690 |
_aResidential property _96266 |
||
| 690 |
_aBlock management _96220 |
||
| 942 | _n0 | ||
| 999 |
_c84727 _d84727 |
||